000 00353nam a2200133Ia 4500
008 231221s9999 xx 000 0 und d
020 _a978-0-387-76686-7
041 _aEnglish
100 _aBoris Ja. Kogan
245 0 _aIntroduction to Computational Cardiology
260 _c2010
_bSpringer US
_aNew York
650 _aComputer Science
942 _cEB
999 _c218286
_d218286